<?xml version="1.0" encoding="UTF-8"?>
<record
    xmlns:xsi="http://www.w3.org/2001/XMLSchema-instance"
    xsi:schemaLocation="http://www.loc.gov/MARC21/slim http://www.loc.gov/standards/marcxml/schema/MARC21slim.xsd"
    xmlns="http://www.loc.gov/MARC21/slim">

  <leader>05693nam a22004697a 4500</leader>
  <controlfield tag="003">PE-LiUPU</controlfield>
  <controlfield tag="005">20250731180158.0</controlfield>
  <controlfield tag="008">220916b        |||||||| |||| 00| 0 spa d</controlfield>
  <datafield tag="020" ind1=" " ind2=" ">
    <subfield code="a">9788429150667</subfield>
  </datafield>
  <datafield tag="040" ind1=" " ind2=" ">
    <subfield code="a">PE-LiUPU</subfield>
    <subfield code="b">spa</subfield>
    <subfield code="c">PE-LiUPU</subfield>
    <subfield code="e">rda</subfield>
  </datafield>
  <datafield tag="082" ind1=" " ind2=" ">
    <subfield code="2">23</subfield>
    <subfield code="a">512</subfield>
    <subfield code="b">L543c</subfield>
  </datafield>
  <datafield tag="100" ind1="1" ind2=" ">
    <subfield code="a">Lelong-Ferrand, Jacqueline</subfield>
  </datafield>
  <datafield tag="245" ind1="1" ind2="0">
    <subfield code="a">Curso de matem&#xE1;ticas /</subfield>
    <subfield code="c">[por] Jacqueline Lelong-Ferrand..., Jean-Marie Arnaudios... ; [versi&#xF3;n del franc&#xE9;s por Jos&#xE9; Pla Carrera ; revisada por Enrique Lin&#xE9;s Escard&#xF3;]</subfield>
  </datafield>
  <datafield tag="264" ind1=" " ind2=" ">
    <subfield code="a">Barcelona :</subfield>
    <subfield code="b">Revert&#xE9;,</subfield>
    <subfield code="c">D.L. 1979</subfield>
  </datafield>
  <datafield tag="300" ind1=" " ind2=" ">
    <subfield code="a">600 p&#xE1;ginas :</subfield>
    <subfield code="c">22 cent&#xED;metros</subfield>
  </datafield>
  <datafield tag="500" ind1=" " ind2=" ">
    <subfield code="a">&#xCD;ndices</subfield>
  </datafield>
  <datafield tag="504" ind1=" " ind2=" ">
    <subfield code="a">Bibliograf&#xED;a</subfield>
  </datafield>
  <datafield tag="505" ind1="1" ind2=" ">
    <subfield code="a">v. 1: &#xC1;lgebra:Vocabulario de la teor&#xED;a de conjuntos -- Nociones sobre formalizaci&#xF3;n -- Reglas de l&#xF3;gica formal -- Cuantificadores -- Operaciones sobre los conjuntos -- Correspondencias y aplicaciones &#x2013; Familias -- Productos Relaciones de equivalencia y conjunto cociente -- Relaciones de orden -- Enumeraci&#xF3;n -- Conjuntos de base -- Leyes de composici&#xF3;n. Grupos &#x2013; Generalidades -- Propiedades de una ley de compensaci&#xF3;n -- Axiomas de la estructura de grupo. Ejemplos de grupos. Homomorfsmos -- Subgrupo. Grupo engendrado. Grupo producto -- Grupo cociente en el caso abeliano -- Grupos cualesquiera: clases, subgrupos normales. Cociente -- Grupos finitos. Grupo sim&#xE9;trico -- Grupo que opera sobre un conjunto -- Estructuras algebraicas en las que intervienen varias leyes &#x2013; Generalidades -- Generalidades sobre los anillos -- Subanillos y anillos productos -- Homomorfismos, ideales y anillos cociente -- Divisibilidad de un anillo &#x2013; Cuerpos -- C&#xE1;lculo en el cuerpo de los n&#xFA;meros complejos -- Estructura de m&#xF3;dulo sobre un anillo, Estructura de &#xE1;lgebra sobre un anillo conmutativo un&#xED;fero &#x2013; Polinomios con una o varias variables -- Definici&#xF3;n de A[X), propiedades generales -- Divisi&#xF3;n eucl&#xED;dea. Propiedades aritm&#xE9;ticas de K[X] cuando K es un cuerpo conmutativo -- Algoritmo de Euclides -- Polinomios irreducibles (sobre un cuerpo) -- Funci&#xF3;n polinomio. Raices. F&#xF3;rmula de Taylor -- Relaciones entre los coeficientes y las ra&#xED;ces. Descomposici&#xF3;n en C[X] y R [X] -- Nociones sobre K[X1 X2, &#x2026;, Xn] -- Funciones sim&#xE9;tricas. Ecuaciones algebraicas (teor&#xED;a elemental) -- Polinomios sim&#xE9;tricos -- F&#xF3;rmulas de Newton -- Ecuaciones de segundo y tercer grado -- Ecuaci&#xF3;n de cuarto grado -- Ecuaci&#xF3;n de grado mayor que 5 &#x2013; Eliminaci&#xF3;n -- M&#xE9;todo de Cayley -- Resultante de dos polinomios con una sola variable -- Algunos ejemplos de c&#xE1;lculo de resultantes -- Aplicaci&#xF3;n de la eliminaci&#xF3;n a la transformaci&#xF3;n de Tschirnhaus -- Discriminante de un polinomio -- Expresi&#xF3;n de las ra&#xED;ces comunes a dos ecuaciones cuando su resultante es nula -- Fracciones racionales. El cuerpo K[X] -- Descomposici&#xF3;n en elementos simples sobre un cuerpo cualquiera K -- C&#xE1;lculo de las partes polares relativas a los factores de la forma (X--- a)a -- Nociones acerca de las series formales -- Ejemplos de c&#xE1;lculos pr&#xE1;cticos -- Integraci&#xF3;n de fracciones racionales -- Espacios vectoriales -- Generalidades -- Caracterizaci&#xF3;n de las bases de un espacio vectorial -- Teorema de la dimensi&#xF3;n finita -- Espacios vectoriales y aplicaciones lineales: rango de una aplicaci&#xF3;n lineal -- Dualidad -- Lenguaje de la geometr&#xED;a af&#xED;n &#x2013; Matrices -- Matrices y aplicaciones lineales Cambio de base -- Los determinantes y sus aplicaciones -- Aplicaciones y formas multilineales &#x2013; Determinantes -- Ejemplos de c&#xE1;lculo de determinantes -- Aplicaci&#xF3;n de los determinantes al estudio del rango de una matriz -- Ecuaciones lineales &#x2013;  Reducci&#xF3;n de las matrices cuadradas y aplicaci&#xF3;n -- Valores propios, polinomio caracter&#xED;stico -- Subespacios propios -- Polinomios de endomorfismos -- Teorema de Hamilton-Cayley -- Subespacios caracter&#xED;sticos -- Endomorfismos diagonizables -- Endomorfismos nilpotentes -- Factores invariantes. Reducci&#xF3;n de Jordan -- Formas bilineales y formas cuadr&#xE1;ticas -- Generalidades acerca de las formas bilineales -- Formas bilineales sim&#xE9;tricas y formas cuadr&#xE1;ticas &#x2013; Ortogonalidad -- Problema de la clasificaci&#xF3;n. Soluci&#xF3;n cuando K = C o K=R -- Espacio euclideo -- Proyecciones y Simetr&#xED;as -- Grupo ortogonal, el grupo ortogonal real -- Formas hermiticas. Teoria espectral. Isomer&#xED;as de R" &#x2013; Generalidades -- Clasificaci&#xF3;n de las formas herm&#xED;ticas sobre un espacio de dimensi&#xF3;n finita -- Espacios prehilbertianos de dimensi&#xF3;n finita -- Proyecciones y simetr&#xED;a -- Grupo unitario -- Teor&#xED;a espectral (formas herm&#xED;ticas) -- Teor&#xED;a espectral (formas cuadr&#xE1;ticas sobre un cuerpo cualquiera) -- Isometr&#xED;as de En (espacio eucl&#xED;deo de dimensi&#xF3;n n) -- Isometr&#xED;as vectoriales -- Isometr&#xED;as afines: teorema de prolongaci&#xF3;n -- Polinomios de varias variables y aplicaciones geom&#xE9;tricas -- Anillos factoriales -- Factorialidad de los anillos de polinomios -- Correspondencias algebraicas -- Homograf&#xED;as (en caracteristica 0) -- Hipersuperficiales algebraicas en Cn (n &gt; 2) -- Curvas algebraicas y Curvas algebraicas unicursales en C2.</subfield>
  </datafield>
  <datafield tag="526" ind1=" " ind2=" ">
    <subfield code="a">SEG44</subfield>
  </datafield>
  <datafield tag="526" ind1=" " ind2=" ">
    <subfield code="a">SEG26</subfield>
  </datafield>
  <datafield tag="526" ind1=" " ind2=" ">
    <subfield code="a">P159</subfield>
  </datafield>
  <datafield tag="526" ind1=" " ind2=" ">
    <subfield code="a">P155</subfield>
  </datafield>
  <datafield tag="526" ind1=" " ind2=" ">
    <subfield code="a">P154</subfield>
  </datafield>
  <datafield tag="526" ind1=" " ind2=" ">
    <subfield code="a">P153</subfield>
  </datafield>
  <datafield tag="526" ind1=" " ind2=" ">
    <subfield code="a">P150</subfield>
  </datafield>
  <datafield tag="526" ind1=" " ind2=" ">
    <subfield code="a">P100</subfield>
  </datafield>
  <datafield tag="526" ind1=" " ind2=" ">
    <subfield code="a">P31</subfield>
  </datafield>
  <datafield tag="526" ind1=" " ind2=" ">
    <subfield code="a">P30</subfield>
  </datafield>
  <datafield tag="526" ind1=" " ind2=" ">
    <subfield code="a">P26</subfield>
  </datafield>
  <datafield tag="526" ind1=" " ind2=" ">
    <subfield code="a">P25</subfield>
  </datafield>
  <datafield tag="526" ind1=" " ind2=" ">
    <subfield code="a">P24</subfield>
  </datafield>
  <datafield tag="526" ind1=" " ind2=" ">
    <subfield code="a">P22</subfield>
  </datafield>
  <datafield tag="526" ind1=" " ind2=" ">
    <subfield code="a">P15</subfield>
  </datafield>
  <datafield tag="526" ind1=" " ind2=" ">
    <subfield code="a">P10</subfield>
  </datafield>
  <datafield tag="650" ind1=" " ind2="7">
    <subfield code="a">Matem&#xE1;ticas</subfield>
    <subfield code="2">embne</subfield>
    <subfield code="9">187</subfield>
  </datafield>
  <datafield tag="650" ind1=" " ind2="0">
    <subfield code="a">&#xC1;lgebra</subfield>
    <subfield code="9">20</subfield>
  </datafield>
  <datafield tag="700" ind1="1" ind2=" ">
    <subfield code="a">Arnaudies, Jean-Marie</subfield>
  </datafield>
  <datafield tag="700" ind1="1" ind2=" ">
    <subfield code="a">Pla i Carrera, Josep</subfield>
  </datafield>
  <datafield tag="700" ind1="1" ind2=" ">
    <subfield code="a">Lin&#xE9;s Escard&#xF3;, Enrique</subfield>
  </datafield>
  <datafield tag="942" ind1=" " ind2=" ">
    <subfield code="2">ddc</subfield>
    <subfield code="c">BOOK</subfield>
    <subfield code="n">0</subfield>
  </datafield>
  <datafield tag="980" ind1=" " ind2=" ">
    <subfield code="6">18226</subfield>
    <subfield code="a">Jaime Vilcaz&#xE1;n</subfield>
    <subfield code="8">1</subfield>
    <subfield code="g">ALBERTO SANCHEZ Responsable de Automatizaci&#xF3;n</subfield>
  </datafield>
  <datafield tag="999" ind1=" " ind2=" ">
    <subfield code="c">61578</subfield>
    <subfield code="d">61578</subfield>
  </datafield>
  <datafield tag="952" ind1=" " ind2=" ">
    <subfield code="r">2025-12-02 00:00:00</subfield>
    <subfield code="i">1</subfield>
    <subfield code="l">1</subfield>
    <subfield code="o">512 L543c</subfield>
    <subfield code="p">81131</subfield>
    <subfield code="s">2023-05-03</subfield>
    <subfield code="t">e1</subfield>
    <subfield code="v">43.31</subfield>
    <subfield code="w">2022-09-16</subfield>
    <subfield code="x">FIA</subfield>
    <subfield code="y">BK</subfield>
    <subfield code="z">inventario-2023-12-13</subfield>
    <subfield code="1">0</subfield>
    <subfield code="2">ddc</subfield>
    <subfield code="5">0</subfield>
    <subfield code="7">0</subfield>
    <subfield code="8">GEN</subfield>
    <subfield code="f">P25</subfield>
    <subfield code="a">BUL</subfield>
    <subfield code="b">BUL</subfield>
    <subfield code="c">GEN</subfield>
    <subfield code="d">2022-08-23</subfield>
    <subfield code="e">LIBUN</subfield>
    <subfield code="g">38.31</subfield>
  </datafield>
</record>
